[Event "Mem Vinas 15th A"]
[Site "Mataro"]
[Date "2019.06.22"]
[Round "7.15"]
[White "Agapito Garrido, Bernat"]
[Black "Mesa Marquez, Jesus"]
[Result "1-0"]
[WhiteElo "1529"]
[BlackElo "1746"]
[PlyCount "79"]
[EventDate "2019.05.04"]
[EventType "swiss"]
[EventRounds "8"]
[EventCountry "ESP"]
[SourceTitle "EXT 2024"]
[Source "ChessBase"]
[SourceDate "2023.10.10"]
[SourceVersion "1"]
[SourceVersionDate "2023.10.10"]
[SourceQuality "1"]

1. e4 c5 2. Nf3 d6 3. d4 cxd4 4. Nxd4 Nf6 5. Nc3 a6 6. Be3 e5 7. Nb3 b5 8. a3 Bb7 9. Bd3 Be7 10. 0-0 0-0 11. f4 Nbd7 12. Qf3 Nc5 13. Nxc5 dxc5 14. fxe5 Nd7 15. Qg3 c4 16. Bh6 g6 17. Bxf8 cxd3 18. Bxe7 Qxe7 19. cxd3 Nxe5 20. Rad1 Rf8 21. d4 Nc4 22. Rf2 b4 23. axb4 Qxb4 24. d5 Qc5 25. Kh1 Bc8 26. b3 f5 27. Re1 Re8 28. Rfe2 Rf8 29. Qf2 Qxf2 30. Rxf2 Ne5 31. Rd1 f4 32. Ne2 g5 33. Nd4 h5 34. Ne6 Bxe6 35. dxe6 g4 36. e7 Re8 37. Rd8 Kf7 38. Rxf4+ Kxe7 39. Rxe8+ Kxe8 40. Rf5 1-0

[Event "Mem Vinas 15th A"]
[Site "Mataro"]
[Date "2019.06.15"]
[Round "6.13"]
[White "Colome Rovira, Oscar"]
[Black "Mesa Marquez, Jesus"]
[Result "1-0"]
[WhiteElo "1743"]
[BlackElo "1746"]
[PlyCount "105"]
[EventDate "2019.05.04"]
[EventType "swiss"]
[EventRounds "8"]
[EventCountry "ESP"]
[SourceTitle "EXT 2024"]
[Source "ChessBase"]
[SourceDate "2023.10.10"]
[SourceVersion "1"]
[SourceVersionDate "2023.10.10"]
[SourceQuality "1"]

1. e4 a6 2. Nf3 b5 3. d4 Bb7 4. Bd3 e6 5. 0-0 c5 6. c3 c4 7. Bc2 Nf6 8. Re1 Be7 9. h3 Nc6 10. Bf4 d6 11. Nbd2 0-0 12. Nf1 g6 13. Ne3 Nh5 14. Bh6 Re8 15. g4 Ng7 16. Qe2 e5 17. d5 Nb8 18. Kh2 f6 19. Rg1 Bc8 20. a4 Qd7 21. axb5 Qxb5 22. Ba4 Qc5 23. Bxe8 Nxe8 24. g5 a5 25. gxf6 Bxf6 26. Ra4 Bd7 27. Ra2 Bb5 28. Ng4 Nd7 29. Be3 Qc8 30. Ng5 Bxg5 31. Bxg5 Nf8 32. Qf3 Qd7 33. Bf6 h5 34. Ne3 Qf7 35. Qxh5 Nxf6 36. Qh4 Bd7 37. Nxc4 Qh7 38. Qxh7+ Kxh7 39. Nxd6 Ra6 40. Nf7 Nxe4 41. Nxe5 Bf5 42. f3 Nf2 43. Rg3 Nd3 44. Nc6 a4 45. b4 Nc1 46. b5 Rxc6 47. dxc6 Nxa2 48. b6 Bc8 49. f4 Nc1 50. Re3 a3 51. b7 a2 52. Re7+ Kh6 53. bxc8Q 1-0

[Event "Mem Vinas 15th A"]
[Site "Mataro"]
[Date "2019.06.08"]
[Round "5.13"]
[White "Mesa Marquez, Jesus"]
[Black "Barrionuevo Nistal, Hugo"]
[Result "1/2-1/2"]
[WhiteElo "1746"]
[BlackElo "1732"]
[PlyCount "92"]
[EventDate "2019.05.04"]
[EventType "swiss"]
[EventRounds "8"]
[EventCountry "ESP"]
[SourceTitle "EXT 2024"]
[Source "ChessBase"]
[SourceDate "2023.10.10"]
[SourceVersion "1"]
[SourceVersionDate "2023.10.10"]
[SourceQuality "1"]

1. d4 Nf6 2. Nc3 d5 3. e4 Nxe4 4. Nxe4 dxe4 5. f3 e5 6. Be3 Bf5 7. Bc4 Nd7 8. Qd2 Bd6 9. 0-0-0 Qe7 10. h4 Nb6 11. Bb3 a5 12. a3 a4 13. Ba2 exf3 14. Nxf3 e4 15. Ng5 0-0 16. Rdf1 Be6 17. d5 Bd7 18. Kb1 h6 19. Nh3 Bb5 20. Rc1 Nc4 21. Bxc4 Bxc4 22. Bxh6 Bxa3 23. Bxg7 Kxg7 24. bxa3 Qe5 25. Qf4 Qxf4 26. Nxf4 Ra5 27. Rhe1 Re8 28. Rcd1 Re5 29. d6 cxd6 30. Rxd6 Rab5+ 31. Ka1 e3 32. g4 Re4 33. Nh5+ Rxh5 34. gxh5 Rxh4 35. Rxe3 Rxh5 36. Rb6 Bd5 37. Kb2 Bc6 38. Re7 Kf8 39. Rc7 Rd5 40. Rb4 Ke8 41. Re4+ Kd8 42. Ree7 Bd7 43. Rexd7+ Rxd7 44. Rc4 b5 45. Rb4 Rd5 46. Rf4 f5 1/2-1/2

[Event "Mataro Vinas Memorial 14th"]
[Site "Mataro"]
[Date "2018.04.14"]
[Round "2"]
[White "Gomez Jurado, Luis Alberto"]
[Black "Mesa Marquez, Jesus"]
[Result "1-0"]
[WhiteElo "2242"]
[BlackElo "1691"]
[PlyCount "71"]
[EventDate "2018.04.07"]
[EventType "swiss"]
[EventRounds "9"]
[EventCountry "ESP"]
[SourceTitle "EXT 2019"]
[Source "ChessBase"]
[SourceDate "2018.10.10"]
[SourceVersion "1"]
[SourceVersionDate "2018.10.10"]
[SourceQuality "1"]

1. c4 c5 2. Nf3 Nf6 3. g3 g6 4. Bg2 Bg7 5. 0-0 0-0 6. Nc3 Nc6 7. d4 d5 8. cxd5 cxd4 9. Nxd4 Nxd4 10. Qxd4 Bf5 11. Qh4 Ng4 12. h3 Bf6 13. Bg5 Bxg5 14. Qxg5 f6 15. Qd2 Ne5 16. e4 Bxh3 17. f4 Qb6+ 18. Qf2 Qxf2+ 19. Rxf2 Bxg2 20. fxe5 Bh3 21. e6 f5 22. e5 Bg4 23. d6 exd6 24. e7 dxe5 25. exf8Q+ Kxf8 26. Re1 Re8 27. Nd5 Kg7 28. Rc1 Rd8 29. Rc7+ Kh6 30. Ne3 Bh5 31. Rxb7 Rd3 32. Rb3 Rd7 33. Rb5 Rd3 34. Rxe5 Kg5 35. Nxf5 Kf6 36. Rc5 1-0

[Event "Foment Martinenc op-B 18th"]
[Site "Barcelona"]
[Date "2016.05.21"]
[Round "5"]
[White "Mesa Marquez, Jesus"]
[Black "Riu Borge, Albert"]
[Result "1-0"]
[WhiteElo "1714"]
[BlackElo "1873"]
[PlyCount "43"]
[EventDate "2016.04.23"]
[EventType "swiss"]
[EventRounds "9"]
[EventCountry "ESP"]
[SourceTitle "EXT 2017"]
[Source "ChessBase"]
[SourceDate "2016.10.25"]
[SourceVersion "1"]
[SourceVersionDate "2016.10.25"]
[SourceQuality "1"]

1. d4 d5 2. Nc3 Nf6 3. e4 dxe4 4. f3 exf3 5. Nxf3 e6 6. Bd3 Nc6 7. a3 Be7 8. 0-0 Nxd4 9. Nxd4 Qxd4+ 10. Kh1 Bd7 11. Nb5 Qb6 12. Nc3 0-0 13. Qe1 Rfe8 14. Qh4 h6 15. Bxh6 Nh7 16. Bxh7+ Kf8 17. Rxf7+ Kxf7 18. Rf1+ Bf6 19. Bxg7 Kxg7 20. Rxf6 Qe3 21. Rg6+ Kf7 22. Qf6# 1-0

[Event "Foment Martinenc op-B 18th"]
[Site "Barcelona"]
[Date "2016.05.14"]
[Round "4"]
[White "Parra Ordorica, Gorka"]
[Black "Mesa Marquez, Jesus"]
[Result "1-0"]
[WhiteElo "1271"]
[BlackElo "1714"]
[PlyCount "53"]
[EventDate "2016.04.23"]
[EventType "swiss"]
[EventRounds "9"]
[EventCountry "ESP"]
[SourceTitle "EXT 2017"]
[Source "ChessBase"]
[SourceDate "2016.10.25"]
[SourceVersion "1"]
[SourceVersionDate "2016.10.25"]
[SourceQuality "1"]

1. e4 c5 2. Nf3 d6 3. d4 cxd4 4. Nxd4 Nf6 5. Nc3 a6 6. Be3 e5 7. Nb3 Be7 8. Bd3 0-0 9. 0-0 Ng4 10. Bd2 b5 11. Nd5 Nf6 12. Ba5 Qd7 13. Nb6 Qb7 14. Nxa8 Qxa8 15. Qe2 Qb7 16. a3 Bg4 17. f3 Bd7 18. Rae1 Nc6 19. Bc3 d5 20. exd5 Nxd5 21. Bxe5 Re8 22. Qe4 Nf6 23. Bxf6 Bc5+ 24. Nxc5 Rxe4 25. Nxb7 Rxe1 26. Rxe1 gxf6 27. Nc5 1-0

[Event "Foment Martinenc op-B 17th"]
[Site "Barcelona"]
[Date "2015.05.30"]
[Round "6"]
[White "Brunet Gil, Pol"]
[Black "Mesa Marquez, Jesus"]
[Result "1/2-1/2"]
[WhiteElo "1927"]
[BlackElo "1857"]
[PlyCount "54"]
[EventDate "2015.04.25"]
[EventType "swiss"]
[EventRounds "9"]
[EventCountry "ESP"]
[SourceTitle "EXT 2017"]
[Source "ChessBase"]
[SourceDate "2016.10.25"]
[SourceVersion "1"]
[SourceVersionDate "2016.10.25"]
[SourceQuality "1"]

1. e4 c5 2. Nf3 d6 3. d4 cxd4 4. Nxd4 Nf6 5. Nc3 a6 6. Be3 e5 7. Nb3 Be7 8. f3 Be6 9. Qd2 b5 10. Bd3 Nc6 11. g4 Nb4 12. Be2 Bxb3 13. axb3 0-0 14. 0-0-0 Rc8 15. h4 d5 16. g5 d4 17. gxf6 dxc3 18. Qxd8 cxb2+ 19. Kb1 Bxd8 20. fxg7 Re8 21. Rd2 Kxg7 22. Kxb2 Bf6 23. h5 Red8 24. Rg1+ Kh8 25. Rxd8+ Rxd8 26. Rd1 Rxd1 27. Bxd1 Kg7 1/2-1/2